Wireless technician's handbook / (Record no. 175786)
[ view plain ]
| 000 -LEADER | |
|---|---|
| fixed length control field | 01127 a2200229 4500 |
| 003 - CONTROL NUMBER IDENTIFIER | |
| control field | Nust |
| 005 - DATE AND TIME OF LATEST TRANSACTION | |
| control field | 20220817093632.0 |
| 010 ## - LIBRARY OF CONGRESS CONTROL NUMBER | |
| LC control number | 2003052297 |
| 020 ## - INTERNATIONAL STANDARD BOOK NUMBER | |
| International Standard Book Number | 1580533574 (alk. paper) |
| 040 ## - CATALOGING SOURCE | |
| Transcribing agency | Nust |
| 082 00 - DEWEY DECIMAL CLASSIFICATION NUMBER | |
| Classification number | 621.382,MIC |
| 100 1# - MAIN ENTRY--PERSONAL NAME | |
| Personal name | Miceli, Andrew. |
| 9 (RLIN) | 97534 |
| 245 10 - TITLE STATEMENT | |
| Title | Wireless technician's handbook / |
| Statement of responsibility, etc. | Andrew Miceli. |
| 250 ## - EDITION STATEMENT | |
| Edition statement | 2nd ed. |
| 260 ## - PUBLICATION, DISTRIBUTION, ETC. | |
| Place of publication, distribution, etc. | Boston, MA : |
| Name of publisher, distributor, etc. | Artech House, |
| Date of publication, distribution, etc. | 2003. |
| 300 ## - PHYSICAL DESCRIPTION | |
| Extent | xiii, 292 p. : |
| Other physical details | ill. ; |
| Dimensions | 24 cm. |
| 440 #0 - SERIES STATEMENT/ADDED ENTRY--TITLE | |
| Title | Artech House mobile communications series |
| 9 (RLIN) | 398 |
| 505 ## - FORMATTED CONTENTS NOTE | |
| Formatted contents note | Reviewing The Basics (Page-1), Cellular Radio Concepts (Page-23), Advanced Mobile Phone Service (Page-47), NA-TDMA (Page-71), GSM (Page-93), , GRPS and EDGE (Page-109), CDMA IS -95 and J-Std-008 (Page-129), CDMA 2000 (Page-151), WCDMA (Page-173), The Basics of Field Test (Page-195), Testing AMPS (Page-215), Testing TDMA Systems-GSM,NA-TDMA,GPRS and EDGE (Page-225), Testing CDMA (Page-241), WCDMA and Beyond Testing Overview (Page-259), |
| 650 #0 - SUBJECT ADDED ENTRY--TOPICAL TERM | |
| Topical term or geographic name entry element | Telecommunication Engineering. |
| 856 42 - ELECTRONIC LOCATION AND ACCESS | |
| Materials specified | Book review (E-STREAMS) |
| Uniform Resource Identifier | <a href="http://www.e-streams.com/es0703/es0703_3087.html">http://www.e-streams.com/es0703/es0703_3087.html</a> |
| 942 ## - ADDED ENTRY ELEMENTS (KOHA) | |
| Koha item type | Reference |
| Source of classification or shelving scheme | |
| Withdrawn status | Lost status | Source of classification or shelving scheme | Damaged status | Not for loan | Permanent Location | Current Location | Shelving location | Date acquired | Full call number | Barcode | Date last seen | Price effective from | Koha item type | Public note |
|---|---|---|---|---|---|---|---|---|---|---|---|---|---|---|
| Military College of Signals (MCS) | Military College of Signals (MCS) | Reference | 12/12/2016 | 621.382,MIC | MCS31272 | 12/08/2016 | 12/12/2016 | Reference | Almirah No.22, Shelf No.1 |
